000 00440nam a2200181Ia 4500
005 20240823005030.0
008 240823s9999||||xx |||||||||||||| ||und||
041 _aENGLISH
082 _A621.381 N6
100 _aChattopadhyay D C
245 0 _aFoundations of Electronics
250 _a2nd
260 _c1996
_b"New Age,New Delhi"
500 _aTRANSFERED
650 _aElectronics
_bInstrumentation
942 _cBK
999 _c154547
_d154547